[Event "Bundesliga 9798"]
[Site "Germany"]
[Date "1998.03.28"]
[Round "12.1"]
[White "McShane, Luke J"]
[Black "Poldauf, Dirk"]
[Result "1-0"]
[WhiteElo "2455"]
[BlackElo "2455"]
[Annotator "McShane,L"]
[PlyCount "147"]
[EventDate "1997.10.18"]
[EventType "team-tourn"]
[EventRounds "15"]
[EventCountry "GER"]
[SourceTitle "CBM 064"]
[Source "ChessBase"]
[SourceDate "1998.06.02"]
[SourceVersion "1"]
[SourceVersionDate "1998.06.02"]
[SourceQuality "1"]
[WhiteTeam "Erfurt"]
[BlackTeam "Empor Berlin"]
[WhiteTeamCountry "GER"]
[BlackTeamCountry "GER"]

1. e4 e6 2. d4 d5 3. Nd2 Nf6 4. e5 Nfd7 5. f4 c5 6. c3 Nc6 7. Ndf3 Qb6 8. g3 a5
9. Ne2 a4 10. a3 Ndb8 {An interesting reorganisation of Black's minor pieces
follows, with the idea of facilitating Na5-b3 whilst keeping the a-pawn
defended.} 11. Bh3 Bd7 12. O-O Na5 13. f5 $1 {White sacrifices a pawn for the
initiative, exploiting the fact that Black is behind in development.} exf5 14.
Nf4 Nb3 15. Nxd5 $1 Qc6 16. Nf4 {I was particularly pleased with my
sacrificial play in this game. I am not usually the sort of player to rely too
much on the intuition I used here when giving up my a1-rook.} Nxa1 17. d5 Qb6 {
This is the position I had envisaged when I played 13.f5. I don't know whether
White is better but I felt it was worth the gamble.} 18. e6 (18. d6 {with the
idea of Nd5 and Nc7+ is well met by} Qb3 $1) 18... fxe6 19. Ne5 (19. dxe6 Bc6)
19... c4+ 20. Kh1 g6 $1 {Preventing all my threats based on Qh5+.} 21. Re1 Qb3
(21... Be7 22. Be3 Qxb2 (22... Qb3 23. Qxa1) (22... Bc5 23. Bxc5 Qxc5 24. Bxf5
$1 O-O (24... gxf5 25. Qh5+) (24... exf5 25. Ned3+) 25. Bxe6+) 23. Re2 Qb3 24.
Qxa1 O-O 25. Bd4) (21... Bd6 22. Nxc4) {are just some ideas in this bizarre
position though doubtless improvements can be found for both sides.} 22. Qe2
Nc2 23. Nxd7 Nxe1 24. Qxe6+ $2 (24. Nf6+ $1 Kd8 25. Nxe6+ Kc8 26. Nd4 $1 Qb6
27. Nxf5 {is fun.}) 24... Kd8 25. Ne5 {Time trouble was descending upon me
already so my moves until the time control are somewhat random.} Qd1 $1 26.
Nf7+ Kc7 27. d6+ Kb6 28. d7+ $2 Nc6 29. Be3+ Ka5 30. Nxh8 Nf3+ (30... Nc2+ 31.
Kg2 (31. Bg1 Bc5) 31... Nxe3+ 32. Qxe3 Qxd7 $19 {(Poldauf)}) 31. Kg2 Ng5 32.
Qe8 Qf3+ 33. Kg1 Nxh3+ 34. Nxh3 Rd8 (34... Qd1+ 35. Kg2 Rd8 36. Nf7 Qxd7 $19 {
(Poldauf)}) 35. Nf2 Qd5 {To my opponent's credit he has defended like a genius
up to this point but by now he was also in time trouble and I had a very lucky
escape.} (35... Rxd7 36. Qxd7 Qxe3 37. Qxb7 Bc5 38. Qxc6 Qxf2+ 39. Kh1 Qg1# {
(Poldauf)}) 36. Bg5 Rxd7 (36... Qxd7 37. Bxd8+ Qxd8 {(Poldauf)}) 37. Qa8+ Na7 {
At the time I couldn't understand why Poldauf left his knight en prise but the
bishop on f8 was hanging anyway, so it was an ingenious effort to confuse me.
I should simply play Qxf8 here.} (37... Kb5 38. Qxf8 Ne5 39. Qb4+ Kc6 40. Qxa4+
Qb5 41. Qxb5+ Kxb5 $19 {(Poldauf)}) 38. Qxa7+ Kb5 39. Be3 Rd6 (39... Bc5 $19 {
(Poldauf)}) 40. Nf7 Re6 {A blunder on the last move of the time control. Of
course 40...Qxf7 41.Qc5+ Ka6 42.Qa7+ is a perpetual, but the zwischenzug 40...
Ra6! does indeed win the piece on f7.} 41. Ng5 Ra6 42. Qb8 {I think I have a
small advantage here. The endgame consisted of shuffling my g5 knight round to
d4 and mopping up some pawns but is not particularly interesting.} Bc5 43. Bxc5
Kxc5 44. Qc7+ Kb5 45. Qxh7 Rb6 46. Qh8 Ka5 47. Qa8+ Ra6 48. Qe8 Rb6 49. Qe2 Qb5
50. Nd1 Qc5+ 51. Kf1 Rd6 52. Nf3 b5 53. Nd4 Qd5 54. Nf2 g5 55. Qe7 f4 56. Qa7+
Ra6 57. Qc7+ Rb6 58. gxf4 gxf4 59. Qxf4 Rg6 60. h4 Rg7 61. Qf6 Qg2+ 62. Ke2 Rh7
63. Qd8+ Ka6 64. Qd6+ Kb7 65. Qc5 Ka8 66. Nxb5 Kb8 67. Qb6+ Ka8 68. Qd8+ Kb7
69. Nd6+ Ka7 70. Nxc4 Rf7 71. Qd4+ Kb8 72. Ne5 Rb7 73. Ned3 Re7+ 74. Kd2 1-0

[Event "RUS-ch"]
[Site "Krasnodar"]
[Date "2002.08.31"]
[Round "5"]
[White "Dashko, Andrey"]
[Black "Alikhanov, Felix"]
[Result "0-1"]
[WhiteElo "2401"]
[BlackElo "2364"]
[Annotator "Mueller,Karsten"]
[PlyCount "105"]
[EventDate "2002.08.27"]
[EventType "swiss"]
[EventRounds "9"]
[EventCountry "RUS"]
[SourceTitle "CBM 091"]
[Source "ChessBase"]
[SourceDate "2002.11.12"]
[SourceVersion "1"]
[SourceVersionDate "2002.11.12"]
[SourceQuality "1"]

1. e4 e6 2. d4 d5 3. Nd2 Nf6 4. e5 Nfd7 5. f4 c5 6. c3 Nc6 7. Ndf3 Qb6 8. a3 f6
9. Bd3 (9. b4 cxd4 10. cxd4 Be7 11. Bb2 O-O (11... fxe5 12. fxe5 Nf8 13. Bd3
Bd7 14. Qc1 Ng6 15. Ne2 (15. Qc2 O-O 16. Bxg6 hxg6 17. Qxg6 $6 Nxb4 $36) 15...
O-O 16. Qe3 Rf7 17. O-O Raf8 18. Bc3 (18. Bxg6 $5) 18... Nf4 19. Nxf4 Rxf4 20.
g3 R4f7 21. Kg2 a6 22. Nd2 {1/2-1/2 Van der Wiel,J-Schaefer,M/Essen GER 2001/
The Week in Chess (22)}) 12. Bd3 Qd8 13. h4 f5 14. g4 Nb6 15. gxf5 exf5 16. Ne2
Be6 $132 {0-1 Rechel,B-Radjabov,T/Groningen NED 1999 (42)}) 9... Be7 10. Ne2
O-O (10... a5 $5) 11. h4 Kh8 (11... cxd4 12. cxd4 Kh8 13. Bb1 Rf7 (13... Na5 $5
) 14. Qd3 Nf8 15. b4 Bd7 16. Be3 Rc8 17. h5 $14 {1-0 Bibby,S-Giddins,S/
Eastbourne 1990/EXT 90ch (30). (29)}) 12. h5 cxd4 13. cxd4 fxe5 14. fxe5 $6 (
14. dxe5 $5) {[%tqu "De","Welches typische Motiv kam nun zur Anwendung?","","",
"f8f3","",4]} 14... Rxf3 $1 {[%mdl 544] darauf hatte Schwarz gespielt. Man
beachte, dass der Sinn des Zuges 11...Kh8 nun ganz klar wird, denn mit dem
König auf g8 wäre ...Sxd4 Sxd4 Dxd4 wegen Lxh7+ nicht möglich.} 15. gxf3 Nxd4
16. Nxd4 Qxd4 17. f4 (17. Qe2 $6 Nxe5 18. Bb1 Bd7 19. Be3 Qc4 20. f4 Qxe2+ 21.
Kxe2 Bb5+ $15) 17... Bh4+ 18. Rxh4 $1 Qg1+ 19. Ke2 $2 ({Nach} 19. Kd2 Qf2+ 20.
Kc3 Qxh4 21. Be3 $13 {hat Weiß weit mehr Gegenchancen als in der Partie.})
19... Qg2+ $17 20. Ke3 Qg3+ 21. Qf3 Qxh4 22. Bd2 Nc5 23. Bc2 Bd7 24. Rh1 Qe7
25. Qg4 $6 (25. Rc1 $17) 25... d4+ 26. Kxd4 $6 (26. Ke2 Bb5+ 27. Kd1 d3 28. Bb1
Ne4 $17) 26... Ba4 $19 27. Qd1 Rd8+ 28. Ke3 Qd7 29. Bb4 Bxc2 30. Qxc2 (30. Qxd7
Nxd7 31. Rc1 Ba4 32. Rc7 Bc6 $19) 30... Qd4+ 31. Ke2 Nd3 32. Bd6 Qe4+ 33. Kd2
Qxf4+ 34. Kxd3 Qf3+ 35. Kd2 Qxh1 36. Qc7 Qg2+ 37. Ke3 Qg1+ 38. Ke4 Qb6 39. Qf7
Qc6+ 40. Kd4 Qe8 41. Qxb7 Qxh5 42. Qxa7 Qg4+ 43. Kc3 Rc8+ 44. Bc5 Qe4 45. b4
Qxe5+ 46. Kb3 Qd5+ 47. Kb2 Ra8 48. Qc7 Rd8 49. Kb1 $6 Qd3+ (49... Qb3+ 50. Kc1
Rd1#) 50. Kc1 Qxa3+ 51. Kc2 Qa2+ 52. Kc1 Qc4+ 53. Kb2 0-1

[Event "Skopje Solidarnost-06"]
[Site "Skopje"]
[Date "1976.03.05"]
[Round "5"]
[White "Reshevsky, Samuel Herman"]
[Black "Vaganian, Rafael A"]
[Result "0-1"]
[WhiteElo "2515"]
[BlackElo "2550"]
[Annotator "Mueller,Karsten"]
[PlyCount "56"]
[EventDate "1976.02.29"]
[EventType "tourn"]
[EventRounds "15"]
[EventCountry "YUG"]
[EventCategory "10"]
[SourceTitle "100 Jahre Schach"]
[Source "ChessBase"]
[SourceDate "2000.04.19"]
[SourceVersion "1"]
[SourceVersionDate "2000.04.19"]
[SourceQuality "1"]

1. e4 e6 2. d4 d5 3. Nd2 Nf6 4. e5 Nfd7 5. f4 c5 6. c3 Nc6 7. Ndf3 Qa5 $6 (7...
Qb6 {ist heutzutage die Hauptvariante.}) 8. Kf2 (8. Be3 $5 b5 9. a3 c4 10. Ne2
Qc7 11. g4 $14 {Istratescu,A-Rodriguez Herreros,V/Linares 72/(276) 1998/
[Istratescu,A] (21)}) 8... Be7 9. Bd3 Qb6 10. Ne2 f6 11. exf6 Bxf6 12. Kg3 $5 {
eine sehr mutige Entscheidung, um die weiße Umklammerung im Zentrum aufrecht
erhalten zu können.} (12. Rf1 {ist nicht so ambitioniert, schraubt das Risiko
aber auch nicht so hoch, z.B.} cxd4 (12... O-O 13. Kg1 cxd4 14. cxd4 e5 15. Nc3
Nxd4 16. Nxd5 Nxf3+ 17. Kh1 Qd4 18. Qxf3 {mit Ausgleich laut Nunn, Burgess,
Emms. Ich glaube allerdings, daß Weiß über eine nicht ungefährliche Initiative
verfügt, z.B.} Nc5 (18... exf4 19. Bxf4 Bg5 $2 20. Qh3 $18) 19. Bxh7+ Kxh7 20.
Be3 Bg4 21. Nxf6+ Rxf6 22. Bxd4 Bxf3 23. fxe5 $16) 13. cxd4 e5 14. Nc3 Nb4 15.
Na4 Nxd3+ 16. Qxd3 Qa5 17. fxe5 Qxa4 18. exf6 Nxf6 19. Re1+ Ne4+ 20. Kg1 $14 {
(Nunn, Burgess, Emms)}) 12... cxd4 13. cxd4 O-O 14. Re1 $2 (14. h3 $1 {(Nunn,
Burgess, Emms) war von Nöten, um den König aus der Gefahrenzone evakuieren zu
können.}) 14... e5 $1 15. fxe5 $2 (15. dxe5 $1 Ndxe5 16. Bc2 $1 {und ich habe
nichts Besseres als} Ng4 17. Qxd5+ Kh8 18. Rf1 Nb4 19. Qe4 g6 20. Bd2 Nxc2 21.
Qxc2 Nh6 22. h3 Qxb2 $15 {gefunden.}) (15. Nxe5 $2 Ndxe5 16. dxe5 Bh4+ 17. Kxh4
Qf2+ 18. Ng3 Rxf4+ $19) 15... Ndxe5 16. dxe5 Bh4+ $3 $19 {[%mdl 640] ein
unglaublicher Zug, der den weißen König weiter ins Freie zieht.} ({Nach} 16...
Bxe5+ $2 17. Nf4 {geht es hingegen nicht so recht weiter.} ({Auch} 17. Bf4 {
(Nunn, Burgess, Emms) kommt in Betracht, z.B.} Qe3 18. Qd2 Qxd2 19. Nxd2 Rxf4
20. Nxf4 g5 $14 {/+/-})) 17. Kxh4 (17. Nxh4 $2 Qf2#) 17... Rxf3 $1 18. Rf1 (18.
Bxh7+ Kxh7 19. e6 (19. gxf3 Qf2+ 20. Kg5 Nxe5 21. Qc2+ Kh8 22. Nd4 Qxe1 $19)
19... Bxe6 (19... Qb4+ 20. Bf4 (20. g4 Bxe6 21. Nf4 g5+ 22. Kh5 Qxf4 23. Qc2+
Qe4 $19) 20... Rxf4+ 21. Nxf4 Qxf4+ 22. Qg4 Qxh2+ 23. Qh3 Qf4+ 24. Qg4 Qxg4+
25. Kxg4 Kg6 $17 {/-+}) 20. gxf3 Qf2+ 21. Kg5 Ne5 22. Qc2+ Kh8 23. Nd4 Qxd4 24.
Qc3 Qxc3 25. bxc3 Nxf3+ $19) (18. Bc4 Qf2+ 19. Ng3 Rf4+ 20. Kg5 (20. Kh5 Bg4+
21. Qxg4 g6+ 22. Kh4 Rxg4+ 23. Kxg4 Qxe1 $19) 20... h6+ 21. Kh5 Bf5 22. Qxd5+
Kh7 $19) (18. e6 Bxe6 19. Rf1 Qb4+ 20. Bf4 g5+ 21. Kxg5 (21. Kh5 Rxd3 22. Qxd3
Ne5 $19) 21... Ne5 22. Kh4 (22. Bxh7+ Kf8 23. gxf3 Qe7+ 24. Kh5 Bf7+ 25. Kh6
Qh4#) 22... Rxd3 23. Qe1 Qe7+ 24. Bg5 Ng6+ 25. Kh5 Qe8 $19) (18. gxf3 Qf2+ 19.
Kg5 h6+ 20. Kh5 Qxh2+ 21. Kg6 Ne7#) 18... Qb4+ 19. Bf4 Qe7+ 20. Bg5 (20. Kh5
Qe6 21. gxf3 Qh3+ 22. Kg5 Qh6# {(Nunn, Burgess, Emms)}) 20... Qe6 $1 {wegen
der doppelten Mattdrohung Dg4 und Th3 gewinnt Schwarz nun sein Material zurück,
wonach die Partie praktisch entschieden ist.} 21. Bf5 (21. Rxf3 Qg4#) (21. gxf3
Qh3#) 21... Rxf5 22. Nf4 (22. Rxf5 Qxf5 23. Qxd5+ Be6 24. Qf3 Qxe5 25. Bf4 g5+
26. Bxg5 Qxh2+ $19 {(Nunn, Burgess, Emms)}) 22... Qxe5 23. Qg4 Rf7 24. Qh5 Ne7
25. g4 (25. Bxe7 Rxf4+ 26. Rxf4 Qxf4+ 27. g4 Qxh2+ 28. Kg5 h6+ 29. Kg6 Qc2+ $19
{(Nunn, Burgess, Emms)}) 25... Ng6+ 26. Kg3 (26. Nxg6 Qxh2#) (26. Kh3 Rxf4 $19)
26... Bd7 27. Rae1 Qd6 28. Bh6 Raf8 {Quelle: The World's Greatest Chess Games
von Burgess, Nunn und Emms, Robinson London 1998.} 0-1

[Event "Kramatorsk"]
[Site "Kramatorsk"]
[Date "2003.08.05"]
[Round "12"]
[White "Efimenko, Zahar"]
[Black "Maiorov, Oleg Ivanovich"]
[Result "1-0"]
[WhiteElo "2546"]
[BlackElo "2455"]
[Annotator "Mueller,Karsten"]
[PlyCount "41"]
[EventDate "2003.07.29"]
[EventType "tourn"]
[EventRounds "14"]
[EventCountry "UKR"]
[EventCategory "10"]
[SourceTitle "CBM 097"]
[Source "ChessBase"]
[SourceDate "2003.11.11"]
[SourceVersion "1"]
[SourceVersionDate "2003.11.11"]
[SourceQuality "1"]

1. e4 e6 2. d4 d5 3. Nd2 Nf6 4. e5 Nfd7 5. f4 c5 6. c3 Nc6 7. Ndf3 ({Die
vorliegende Notation gibt hier} 7. Ngf3 {dort dann hängt dauernd der Bauer d4,
so dass ich stark vermute, dass hier 7.Sdf3 gespielt wurde. Nach 14.Sf3 geht
beides in einander über.}) 7... Qb6 8. g3 cxd4 9. cxd4 Bb4+ 10. Kf2 g5 11. fxg5
Ndxe5 12. Nxe5 Nxe5 13. Kg2 Nc4 14. Nf3 Bd7 15. Bd3 (15. b3 Nd6 16. Bf4 Rc8 17.
Rc1 $14 {1-0 Fischer,R-Nussbaum,S/corr 1995/MegaCorr2 (38)}) 15... Be7 (15...
e5 16. Qe2 $6 (16. Nxe5 Nxe5 17. dxe5 Qe6 18. Rf1 {ist kritisch.}) 16... e4 17.
Bxc4 Bg4 $1 18. Bb5+ $6 (18. Rf1 Qe6 $132) 18... Kf8 19. Ne5 Bxe2 20. Nd7+ Ke7
21. Nxb6 Bf3+ $15 {0-1 Mahesh Chandran,P-Williams,S/Witley 2000/CBM 77 ext (34)
. (34)}) 16. Qe2 f5 $2 (16... Bb5 17. a4 (17. Bf4 Nd6 18. Bxb5+ Nxb5 19. Rhf1
$14) 17... Ba6 18. Rf1 $14) 17. gxf6 $18 Bxf6 18. b3 Nd6 19. Ne5 O-O-O (19...
Bxe5 20. Qxe5 Nf7 21. Qg7 $18) 20. Bf4 $1 Nf5 (20... Qxd4 21. Rhf1 Bc6 22. Rac1
$18) 21. Rac1+ (21. Rac1+ Bc6 22. Nxc6 bxc6 23. Qxe6+ $18) 1-0

[Event "EU-chT (Men) 12th"]
[Site "Batumi"]
[Date "1999.12.02"]
[Round "4.4"]
[White "Solak, Dragan"]
[Black "Berg, Emanuel"]
[Result "1-0"]
[WhiteElo "2457"]
[BlackElo "2348"]
[Annotator "Mueller,Karsten"]
[PlyCount "73"]
[EventDate "1999.11.06"]
[EventType "team-swiss"]
[EventRounds "9"]
[EventCountry "GEO"]
[SourceTitle "CBM 074"]
[Source "ChessBase"]
[SourceDate "2000.02.01"]
[SourceVersion "1"]
[SourceVersionDate "2000.02.01"]
[SourceQuality "1"]
[WhiteTeam "Yugoslavia"]
[BlackTeam "Sweden"]
[WhiteTeamCountry "YUG"]
[BlackTeamCountry "SWE"]

1. e4 e6 2. d4 d5 3. Nd2 Nf6 4. e5 Nfd7 5. c3 c5 6. f4 Nc6 7. Ndf3 Qb6 8. g3
cxd4 9. cxd4 Bb4+ 10. Kf2 f6 11. Kg2 O-O 12. Bd3 g5 13. h3 (13. exf6 gxf4 (
13... Nxf6 14. fxg5 Ne4 15. Bf4 e5 $13 {0-1 Lemmers,O-Rubingh,O/Leeuwarden
1995/EXT 95 (29)}) 14. gxf4 Nxf6 15. Ne2 Kh8 16. Rg1 $14 {1-0 Klebel,M-Ruf,M/
Bad Neustadt 1988/GER 01 (27)}) (13. Be3 g4 14. Nh4 f5 15. Nxf5 exf5 16. Bxf5
Ndxe5 $13 {0-1 Carton,N-Willmoth,R/BCF-ch 1987/TD 87\02 (63)}) 13... gxf4 14.
gxf4 Kh8 15. Qe2 Be7 (15... Nxd4 16. Nxd4 fxe5 (16... Qxd4 $2 17. Be3 $18) 17.
Bxh7 exd4 (17... Qxd4 $2 18. Be3 Qc4 19. Bd3 Rg8+ 20. Kh2 Qc7 21. Qh5+ Kg7 22.
Nf3 $18) (17... Kxh7 $2 18. Qh5+ Kg7 19. fxe5 $18) 18. Bd3 $40) (15... fxe5 16.
dxe5 Nc5 $6 17. Bxh7 Kxh7 18. a3 $40) 16. Be3 Nb4 17. Bb1 a5 18. h4 Rf7 $6 19.
Nh3 $16 a4 20. a3 Nc6 21. Bd3 Qc7 22. Rag1 Nb6 23. Kh2 Bd7 24. Rg3 Rg8 25.
Rxg8+ Kxg8 26. Rg1+ $18 {[%mdl 128]} Kh8 (26... Rg7 27. Rxg7+ Kxg7 28. exf6+
Bxf6 29. Nfg5 $18) (26... Kf8 27. Bxh7 Rg7 28. Rxg7 Kxg7 29. Bd3 $18) 27. exf6
Bxf6 28. Nfg5 Bxg5 29. Nxg5 Rxf4 30. Bxf4 Qxf4+ 31. Rg3 Be8 32. Nxe6 Qf6 (32...
Qh6 33. Rg7 Bg6 34. Qf2 $18) 33. Rf3 Qxh4+ 34. Rh3 Qe7 35. Rxh7+ Qxh7+ 36. Bxh7
Kxh7 37. Nf8+ {gewinnt den Läufer e8, wonach keine Zweifel am weißen Sieg mehr
aufkommen.} ({Laut Fritz 6 hätte} 37. Qg4 {allerdings in 4 Zügen matt gesetzt:}
Bg6 38. Qh4+ Kg8 39. Qf6 Nd7 40. Qg7#) 1-0

[Event "Rohde op 12th"]
[Site "Sautron"]
[Date "2012.11.01"]
[Round "7"]
[White "Karpatchev, Aleksandr"]
[Black "Riff, Jean Noel"]
[Result "1/2-1/2"]
[WhiteElo "2458"]
[BlackElo "2473"]
[Annotator "RR"]
[PlyCount "72"]
[EventDate "2012.10.27"]
[EventType "swiss"]
[EventRounds "9"]
[EventCountry "FRA"]
[SourceTitle "EXT 2014"]
[Source "ChessBase"]
[SourceDate "2013.11.20"]
[SourceVersion "1"]
[SourceVersionDate "2013.11.20"]
[SourceQuality "1"]
[TimeControl "40/5400+30:1800+30"]
[WhiteClock "1:30:00"]
[BlackClock "1:30:00"]

1. e4 {[%emt 0:00:00]} e6 {[%emt 0:00:00]} 2. d4 {[%emt 0:00:00]} d5 {[%emt 0:
00:00]} 3. Nd2 {[%emt 0:01:21]} Be7 {[%emt 0:00:19]} 4. Ngf3 {[%emt 0:01:30]}
Nf6 {[%emt 0:01:35]} 5. e5 {[%emt 0:00:45]} Nfd7 {[%emt 0:00:08]} 6. Bd3 {
[%emt 0:00:31]} c5 {[%emt 0:00:07]} 7. c3 {[%emt 0:00:04]} b6 {[%emt 0:00:04]}
(7... Nc6 {La grande ligne}) 8. O-O {[%emt 0:05:04]} Ba6 {[%emt 0:00:36]} 9.
Bxa6 {[%emt 0:03:42]} (9. Ne1 Bxd3 10. Nxd3 Nc6 11. Qg4 $14 {Adams,M (2694)
-Lemos,D (2556) Gibraltar Masters 8th 2010 (9) 1-0}) 9... Nxa6 {[%emt 0:00:23]}
10. Re1 {[%emt 0:06:37]} (10. Qe2 {[%cal Ge2a6]} Nc7 11. a4 O-O $11) 10... b5 {
[%emt 0:00:54]} 11. a4 {[%emt 0:17:23]} (11. a3 Qb6 12. Nf1 c4 13. h4 h6 14. h5
Nc7 15. Ng3 a5 16. Bd2 Qc6 17. Nh2 O-O-O 18. Qg4 Rhg8 19. Qh3 Kb7 20. Ng4 Rh8
21. f4 g6 22. Re2 Qb6 23. Nf1 b4 24. axb4 axb4 25. Nfe3 Ra8 {Timofeev,A (2658)
-Nepomniachtchi,I (2602)/Dresden 2007/CBM 118/1/2-1/2 (66)}) 11... b4 {[%emt 0:
01:01]} 12. c4 {[%emt 0:00:09]} Nc7 {[%emt 0:02:41]} 13. cxd5 $146 {[%emt 0:00:
28]} (13. b3 O-O {Andriasian,Z (2540)-Socko,B (2660) Rubinstein Memorial 39th
2007 (1) 1/2}) 13... Nxd5 {[%emt 0:04:34]} 14. Ne4 {[%emt 0:01:09][%csl Ge4]}
O-O {[%emt 0:01:48]} 15. a5 {[%emt 0:07:04]} Rc8 {[%emt 0:14:35]} 16. Bg5 $1 {
[%emt 0:04:40]} Bxg5 {[%emt 0:01:07]} 17. Nexg5 {[%emt 0:03:41]} h6 {[%emt 0:
06:22]} 18. Ne4 {[%emt 0:00:16]} c4 $1 $132 {[%emt 0:01:27][%csl Gc4][%cal
Gc4c3]} 19. Nd6 {[%emt 0:14:43]} Rc6 {[%emt 0:02:55]} 20. Qa4 {[%emt 0:00:54]}
Nb8 {[%emt 0:01:34]} 21. Nd2 {[%emt 0:11:02][%cal Gd2e4]} Qc7 {[%emt 0:04:32]}
(21... c3 22. bxc3 bxc3 23. N2c4) 22. N2e4 {[%emt 0:01:37]} a6 {[%emt 0:02:21]}
23. Nc5 {[%emt 0:01:36]} Rxd6 $5 {[%emt 0:02:31]} (23... Nd7) 24. exd6 {
[%emt 0:00:02]} Qxd6 {[%emt 0:00:05]} 25. Qc2 {[%emt 0:01:44]} c3 {[%emt 0:00:
19]} 26. bxc3 {[%emt 0:00:24]} (26. Ne4) 26... bxc3 {[%emt 0:00:01]} 27. Qd3 {
[%emt 0:00:49]} Nc6 {[%emt 0:04:48]} 28. Qxa6 {[%emt 0:07:10]} Ndb4 $1 {
[%emt 0:00:28]} 29. Qc4 {[%emt 0:06:05]} Nc2 {[%emt 0:00:31]} 30. Ne4 {[%emt 0:
01:31]} Qd5 {[%emt 0:01:12]} 31. Qxd5 {[%emt 0:01:33]} exd5 {[%emt 0:00:04]}
32. Nxc3 {[%emt 0:00:07]} Nxe1 {[%emt 0:00:04]} 33. Rxe1 {[%emt 0:00:19]} Ra8 {
[%emt 0:00:15]} 34. Ra1 {[%emt 0:01:18]} Rxa5 {[%emt 0:00:07]} 35. Rxa5 {
[%emt 0:00:05]} Nxa5 {[%emt 0:00:04]} 36. Nxd5 {[%emt 0:00:05]} Nc6 {[%emt 0:
00:03]} 1/2-1/2